000 00681cam a22001934a 4500
005 20250605164346.0
008 250528s ||||||||||||||||||||||||d
035 _a23889
040 _aGR-AtMCL
_bgre
_dGR-AtMCL
_eAACR2
245 1 _aThe Riots / A Comment Special on Disorder and Distortion and How Psychology Can Contribute to the Debate
260 _c2011
300 _a83
520 _aMindfulness in Schools, Workaholism: A 21st Century Addiction, Life's Long and Winding Roads, Why Might Innocents Make False Confessions?.
700 1 _aSutton Jon
_99351
942 _cCR
710 2 _aThe British Psychological Society
_99823
999 _c8807
_d8807